Normal view
MARC view
- Dubin , Dale
Entry Personal Name
001 - CONTROL NUMBER
- control field: 1099
003 - CONTROL NUMBER IDENTIFIER
- control field: OSt
005 - DATE AND TIME OF LATEST TRANSACTION
- control field: 20200313094941.0
008 - FIXED-LENGTH DATA ELEMENTS
- fixed length control field: 200313|| aca||aabn | a|a d
040 ## - CATALOGING SOURCE
- Original cataloging agency: OSt
- Transcribing agency: OSt
100 ## - HEADING--PERSONAL NAME
- Personal name: Dubin , Dale
670 ## - SOURCE DATA FOUND
- Source citation: Work cat.: (OSt): Dubin , Dale , Rapid Interpretation of EKG's ...an Interactive course :, c2000